[Event "World op 37th"]
[Site "Philadelphia"]
[Date "2009.07.05"]
[Round "9"]
[White "Hanken, Jerome B"]
[Black "Thavandiran, Shiyam"]
[Result "0-1"]
[WhiteElo "1910"]
[BlackElo "2291"]
[PlyCount "60"]
[EventDate "2009.06.29"]
[EventType "swiss"]
[EventRounds "9"]
[EventCountry "USA"]
[SourceTitle "CBM 131 Extra"]
[Source "ChessBase"]
[SourceDate "2009.09.03"]
[SourceVersion "2"]
[SourceVersionDate "2009.09.16"]
[SourceQuality "1"]

1. c4 e5 2. g3 Nf6 3. Bg2 c6 4. d4 Bb4+ 5. Bd2 Bxd2+ 6. Qxd2 e4 7. e3 d5 8. cxd5 cxd5 9. Nc3 0-0 10. Nge2 Nc6 11. 0-0 Be6 12. Nf4 Qd7 13. Rfc1 Rac8 14. a3 g5 15. Nxe6 Qxe6 16. b4 Kg7 17. Ra2 h5 18. Qd1 h4 19. gxh4 g4 20. Rac2 Ne7 21. Ne2 Ng6 22. Qf1 Nxh4 23. Nf4 Qd7 24. Rxc8 Rxc8 25. Rxc8 Qxc8 26. h3 gxh3 27. Bxh3 Qc3 28. Kh2 Nf3+ 29. Kg3 Qxa3 30. Bg2 Nxd4 0-1

[Event "World op 37th"]
[Site "Philadelphia"]
[Date "2009.07.03"]
[Round "5"]
[White "Hughes, Devin L"]
[Black "Hanken, Jerome B"]
[Result "1/2-1/2"]
[WhiteElo "2011"]
[BlackElo "1910"]
[PlyCount "54"]
[EventDate "2009.06.29"]
[EventType "swiss"]
[EventRounds "9"]
[EventCountry "USA"]
[SourceTitle "CBM 131 Extra"]
[Source "ChessBase"]
[SourceDate "2009.09.03"]
[SourceVersion "2"]
[SourceVersionDate "2009.09.16"]
[SourceQuality "1"]

1. e4 g6 2. Nf3 Bg7 3. d4 c6 4. c3 d5 5. Nbd2 a6 6. Bd3 e6 7. 0-0 Ne7 8. Re1 0-0 9. Nb3 dxe4 10. Bxe4 Nd7 11. Bf4 Nf6 12. Bc2 Ned5 13. Bd2 b5 14. Ne5 Nd7 15. Nxc6 Qc7 16. Nb4 Nxb4 17. cxb4 Bb7 18. Rc1 Qd6 19. Bc3 Rad8 20. Be4 Bxe4 21. Rxe4 Nf6 22. Re1 Nd5 23. Nc5 Nf4 24. Qf3 Rc8 25. Rcd1 Rc7 26. h4 h5 27. g3 Rd8 1/2-1/2

[Event "Foxwoods op"]
[Site "Ledyard"]
[Date "2009.04.10"]
[Round "4"]
[White "Vaughan, David Owen"]
[Black "Hanken, Jerome B"]
[Result "1-0"]
[WhiteElo "2040"]
[BlackElo "1910"]
[PlyCount "81"]
[EventDate "2009.04.08"]
[EventType "swiss"]
[EventRounds "9"]
[EventCountry "USA"]
[SourceTitle "CBM 129 Extra"]
[Source "ChessBase"]
[SourceDate "2009.05.05"]
[SourceVersion "2"]
[SourceVersionDate "2009.05.20"]
[SourceQuality "1"]

1. c4 g6 2. g3 Bg7 3. Bg2 c5 4. Nc3 Nc6 5. e3 e6 6. Nge2 Nge7 7. d4 0-0 8. 0-0 cxd4 9. Nxd4 d5 10. cxd5 exd5 11. Nde2 Bg4 12. Qa4 Qc8 13. Nf4 d4 14. exd4 Nxd4 15. Be3 Nf3+ 16. Kh1 Rd8 17. Rac1 Bd7 18. Qa3 Bc6 19. Qxe7 Re8 20. Qa3 Qf5 21. Nce2 g5 22. Rxc6 bxc6 23. Bxf3 gxf4 24. Nxf4 Rab8 25. Kg2 Rxb2 26. Qxa7 Qb5 27. a4 Qb3 28. Bd4 Rd2 29. Bxg7 Kxg7 30. Bxc6 Re5 31. Bb5 Qc2 32. Qb7 Re3 33. Kg1 Re5 34. Qf3 Re7 35. Nd5 Re6 36. Ne3 Qb2 37. Nc4 Rf6 38. Qg4+ Rg6 39. Qf4 Qd4 40. Qxd2 Qh4 41. Ne5 1-0

[Event "Foxwoods op"]
[Site "Ledyard"]
[Date "2009.04.09"]
[Round "3"]
[White "Hanken, Jerome B"]
[Black "Sapozhnikov, Roman"]
[Result "0-1"]
[WhiteElo "1910"]
[BlackElo "2153"]
[PlyCount "52"]
[EventDate "2009.04.08"]
[EventType "swiss"]
[EventRounds "9"]
[EventCountry "USA"]
[SourceTitle "CBM 129 Extra"]
[Source "ChessBase"]
[SourceDate "2009.05.05"]
[SourceVersion "2"]
[SourceVersionDate "2009.05.20"]
[SourceQuality "1"]

1. c4 g6 2. g3 Bg7 3. Bg2 Nf6 4. Nc3 d6 5. e3 0-0 6. Nge2 c5 7. 0-0 Nc6 8. Rb1 Bf5 9. d3 Ne5 10. Nf4 Bg4 11. f3 Bd7 12. b3 a6 13. d4 cxd4 14. exd4 Nc6 15. Be3 b5 16. Qd2 bxc4 17. bxc4 Na5 18. Rb4 Rc8 19. c5 Be8 20. Na4 Bb5 21. Rc1 g5 22. Nd3 Nd5 23. Nf2 Nxb4 24. Qxb4 Nc6 25. Qa3 Qa5 26. d5 Nd4 0-1

[Event "North American op 18th"]
[Site "Las Vegas"]
[Date "2008.12.28"]
[Round "4"]
[White "Haessel, Dale R"]
[Black "Hanken, Jerome B"]
[Result "0-1"]
[WhiteElo "2199"]
[BlackElo "1945"]
[PlyCount "68"]
[EventDate "2008.12.26"]
[EventType "swiss"]
[EventRounds "7"]
[EventCountry "USA"]
[SourceTitle "CBM 127 Extra"]
[Source "ChessBase"]
[SourceDate "2009.01.08"]
[SourceVersion "2"]
[SourceVersionDate "2009.01.28"]
[SourceQuality "1"]

1. d4 g6 2. Nf3 Bg7 3. c4 d5 4. cxd5 Nf6 5. Qa4+ Qd7 6. Qxd7+ Nbxd7 7. Nc3 Nb6 8. e4 0-0 9. Bf4 c6 10. dxc6 bxc6 11. Be2 Be6 12. 0-0 Nc4 13. Ng5 Nxb2 14. Nxe6 fxe6 15. Bc1 Rab8 16. Rb1 Na4 17. Rxb8 Nxc3 18. Rxf8+ Kxf8 19. Bc4 Nfxe4 20. Be3 Nd5 21. Bxd5 cxd5 22. Rb1 Nd6 23. Rb8+ Kf7 24. Ra8 Nb5 25. a4 Nxd4 26. Rxa7 Nc6 27. Rc7 Na5 28. Bg5 Bf8 29. Bd2 Nc4 30. a5 Bg7 31. a6 Bd4 32. Bb4 Bb6 33. Rxe7+ Kf6 34. a7 Bxa7 0-1

[Event "North American op 18th"]
[Site "Las Vegas"]
[Date "2008.12.27"]
[Round "3"]
[White "Wagner, Richard"]
[Black "Hanken, Jerome B"]
[Result "1-0"]
[WhiteElo "1991"]
[BlackElo "1945"]
[PlyCount "39"]
[EventDate "2008.12.26"]
[EventType "swiss"]
[EventRounds "7"]
[EventCountry "USA"]
[SourceTitle "CBM 127 Extra"]
[Source "ChessBase"]
[SourceDate "2009.01.08"]
[SourceVersion "2"]
[SourceVersionDate "2009.01.28"]
[SourceQuality "1"]

1. e4 g6 2. d4 Bg7 3. Nc3 c6 4. Be3 d5 5. Qd2 Nf6 6. e5 Ng4 7. Bf4 h5 8. h3 Nh6 9. Nf3 Bf5 10. Be2 e6 11. 0-0 Nd7 12. a4 a6 13. b4 a5 14. Rfb1 axb4 15. Rxb4 b5 16. Rbb1 bxa4 17. Nxa4 0-0 18. Bxh6 Bxh6 19. Qxh6 f6 20. exf6 1-0

[Event "USA-ch Qualifier"]
[Site "Tulsa"]
[Date "2008.03.28"]
[Round "2"]
[White "Hollinberger, Drew D"]
[Black "Hanken, Jerome B"]
[Result "1-0"]
[WhiteElo "1878"]
[BlackElo "1932"]
[PlyCount "61"]
[EventDate "2008.03.28"]
[EventType "swiss"]
[EventRounds "7"]
[EventCountry "USA"]
[SourceTitle "CBM 123 Extra"]
[Source "ChessBase"]
[SourceDate "2008.05.06"]
[SourceVersion "1"]
[SourceVersionDate "2008.05.06"]
[SourceQuality "1"]

1. e4 g6 2. d4 Bg7 3. Nf3 c6 4. Bd3 d5 5. c3 dxe4 6. Bxe4 Nf6 7. Bc2 0-0 8. h3 Nbd7 9. 0-0 c5 10. dxc5 Nxc5 11. Be3 Qc7 12. Qd4 Ne6 13. Qh4 Nd5 14. Bh6 Ndf4 15. Bxg7 Kxg7 16. g3 Nxh3+ 17. Kh2 h6 18. Nbd2 Nhg5 19. Rae1 Bd7 20. Nd4 Rad8 21. f4 Nxd4 22. fxg5 Nf5 23. Bxf5 Bxf5 24. Qxh6+ Kg8 25. Nb3 Rd3 26. Rf4 f6 27. Nd4 Rf7 28. Nxf5 Rh7 29. Nxe7+ Rxe7 30. Qxg6+ Kf8 31. Qh6+ 1-0

[Event "Foxwoods op 10th"]
[Site "Ledyard"]
[Date "2008.03.21"]
[Round "4"]
[White "Boor, Carl Brandon"]
[Black "Hanken, Jerome B"]
[Result "1-0"]
[WhiteElo "2300"]
[BlackElo "1932"]
[PlyCount "71"]
[EventDate "2008.03.19"]
[EventType "swiss"]
[EventRounds "9"]
[EventCountry "USA"]
[SourceTitle "CBM 123 Extra"]
[Source "ChessBase"]
[SourceDate "2008.05.06"]
[SourceVersion "1"]
[SourceVersionDate "2008.05.06"]
[SourceQuality "1"]

1. Nf3 g6 2. c4 c5 3. d4 Bg7 4. e4 cxd4 5. Nxd4 Nc6 6. Be3 Nf6 7. Nc3 0-0 8. Be2 d6 9. 0-0 a6 10. Rb1 Ne5 11. f3 Be6 12. Nxe6 fxe6 13. Qb3 Nf7 14. Rfd1 Qd7 15. c5 Nd8 16. e5 Ne8 17. exd6 exd6 18. cxd6 Kh8 19. Bc4 b5 20. Be2 Nb7 21. a4 Na5 22. Qa3 Nc4 23. Bxc4 bxc4 24. Ne4 Nf6 25. Nxf6 Bxf6 26. Bd4 e5 27. Bc3 Rab8 28. Qc5 Qxa4 29. d7 Qb5 30. Rd5 Qxc5+ 31. Rxc5 Rb5 32. Rc8 Kg8 33. Ra1 Rd5 34. Rxa6 Rxd7 35. Rxf8+ Kxf8 36. Rxf6+ 1-0

[Event "CalChess Masters op"]
[Site "San Francisco"]
[Date "2007.09.30"]
[Round "4"]
[White "Hanken, Jerome B"]
[Black "MacKenzie, Dana N"]
[Result "0-1"]
[WhiteElo "2200"]
[BlackElo "2156"]
[PlyCount "54"]
[EventDate "2007.09.29"]
[EventType "swiss"]
[EventRounds "4"]
[EventCountry "USA"]
[SourceTitle "EXT 2008"]
[Source "ChessBase"]
[SourceDate "2007.11.25"]
[SourceVersion "1"]
[SourceVersionDate "2007.11.25"]
[SourceQuality "1"]

1. c4 e5 2. g3 f5 3. Bg2 Nf6 4. Nc3 Nc6 5. e3 Be7 6. Nge2 0-0 7. 0-0 d6 8. d3 Qe8 9. Nd5 Nxd5 10. cxd5 Nd8 11. Qc2 c5 12. dxc6 bxc6 13. b4 Rb8 14. Rb1 Be6 15. a4 g5 16. f4 Bf6 17. Ba3 Rf7 18. b5 cxb5 19. Bxd6 Rc8 20. Qd1 exf4 21. exf4 bxa4 22. fxg5 Bxg5 23. Bf4 Bf6 24. d4 Bb3 25. Rxb3 axb3 26. Qxb3 Qxe2 27. Bd5 Bxd4+ 0-1

[Event "World op 35th"]
[Site "Philadelphia"]
[Date "2007.07.01"]
[Round "3"]
[White "Hanken, Jerome B"]
[Black "Coraretti, Benjamin J"]
[Result "0-1"]
[WhiteElo "1994"]
[BlackElo "1956"]
[PlyCount "101"]
[EventDate "2007.06.30"]
[EventType "swiss"]
[EventRounds "9"]
[EventCountry "USA"]
[SourceTitle "CBM 119 Extra"]
[Source "ChessBase"]
[SourceDate "2007.09.04"]
[SourceVersion "1"]
[SourceVersionDate "2007.09.04"]
[SourceQuality "1"]

1. c4 e5 2. g3 Nf6 3. Bg2 d5 4. cxd5 Nxd5 5. Nc3 Nb6 6. Nf3 Nc6 7. 0-0 Be7 8. d3 0-0 9. Be3 Be6 10. Ne4 f5 11. Nc5 Bxc5 12. Bxc5 Rf6 13. Ng5 Bd5 14. e4 Bf7 15. Nxf7 Rxf7 16. exf5 Rxf5 17. Be4 Rf6 18. Be3 Qd7 19. Qh5 h6 20. Rac1 Re8 21. Rc5 Na4 22. Rd5 Qe7 23. Qd1 Nb6 24. Bxb6 axb6 25. Qb3 Kh8 26. Qa4 Ref8 27. f3 Re6 28. Kg2 Nb8 29. Rb5 Nd7 30. d4 c6 31. Rb3 exd4 32. Qxd4 Nc5 33. Re3 Rd8 34. Qb4 Nxe4 35. Qxe7 Rxe7 36. Rxe4 Rxe4 37. fxe4 Rd2+ 38. Rf2 Rxf2+ 39. Kxf2 Kg8 40. Ke3 Kf7 41. Kd4 Ke6 42. b4 b5 43. g4 b6 44. h3 g5 45. e5 Ke7 46. Ke4 c5 47. Kd5 c4 48. Kd4 Ke6 49. Ke4 c3 50. Kd3 Kxe5 51. Kxc3 0-1

[Event "North American op 16th"]
[Site "Las Vegas"]
[Date "2006.12.27"]
[Round "3"]
[White "Hanken, Jerome B"]
[Black "Stancil, Kimani A"]
[Result "0-1"]
[WhiteElo "2200"]
[BlackElo "2146"]
[PlyCount "79"]
[EventDate "2006.12.26"]
[EventType "swiss"]
[EventRounds "9"]
[EventCountry "USA"]
[SourceTitle "CBM 116 Extra"]
[Source "ChessBase"]
[SourceDate "2007.03.07"]
[SourceVersion "1"]
[SourceVersionDate "2007.03.07"]
[SourceQuality "1"]

1. c4 Nf6 2. g3 e5 3. Bg2 h6 4. Nc3 d6 5. e3 Qe7 6. Nge2 c6 7. b3 Bf5 8. d3 Na6 9. e4 Bh7 10. 0-0 g5 11. d4 0-0-0 12. Ba3 c5 13. dxe5 Qxe5 14. Bb2 Rg8 15. Na4 Qe6 16. Nec3 Bg7 17. Re1 Nc7 18. Nd5 Nd7 19. Bxg7 Rxg7 20. Qd2 Na6 21. Nac3 Ne5 22. Nb5 Kb8 23. Qa5 Nc6 24. Qc3 Qe5 25. Rad1 Rg6 26. Kh1 g4 27. Qe3 Nab4 28. Rd2 a6 29. Nxb4 Nxb4 30. Nc3 Re6 31. Rd5 Qg7 32. a3 Nc6 33. Qd2 Kc7 34. b4 b6 35. bxc5 bxc5 36. Rb1 Rb8 37. Rxb8 Nxb8 38. Qb2 Re5 39. Rd1 Nd7 40. Nd5+ 0-1

[Event "North American op 16th"]
[Site "Las Vegas"]
[Date "2006.12.26"]
[Round "1"]
[White "Cheng, Xiao"]
[Black "Hanken, Jerome B"]
[Result "1-0"]
[WhiteElo "2317"]
[BlackElo "2200"]
[PlyCount "42"]
[EventDate "2006.12.26"]
[EventType "swiss"]
[EventRounds "9"]
[EventCountry "USA"]
[SourceTitle "CBM 116 Extra"]
[Source "ChessBase"]
[SourceDate "2007.03.07"]
[SourceVersion "1"]
[SourceVersionDate "2007.03.07"]
[SourceQuality "1"]

1. e4 g6 2. d4 Bg7 3. Nc3 c5 4. dxc5 Qa5 5. Bd2 Qxc5 6. Nd5 Na6 7. Nf3 e6 8. Nc3 Ne7 9. Bd3 Nb4 10. Be2 0-0 11. 0-0 Nbc6 12. Rb1 d5 13. b4 Qd6 14. exd5 Nxd5 15. Ne4 Qb8 16. b5 Ne5 17. c4 Nf4 18. Bb4 Nxe2+ 19. Qxe2 Nxf3+ 20. Qxf3 Rd8 21. Rbd1 Bd7 1-0

[Event "King's Island op"]
[Site "King's Island"]
[Date "2006.11.12"]
[Round "5"]
[White "Izoria, Zviad"]
[Black "Hanken, Jerome B"]
[Result "1-0"]
[WhiteElo "2692"]
[BlackElo "2200"]
[PlyCount "59"]
[EventDate "2006.11.10"]
[EventType "swiss"]
[EventRounds "5"]
[EventCountry "USA"]
[SourceTitle "CBM 115 Extra"]
[Source "ChessBase"]
[SourceDate "2007.01.10"]
[SourceVersion "1"]
[SourceVersionDate "2007.01.10"]
[SourceQuality "1"]

1. d4 g6 2. e4 Bg7 3. c4 c5 4. d5 d6 5. Nc3 e5 6. Be2 Ne7 7. g4 a6 8. h4 h6 9. h5 g5 10. Nh3 Nd7 11. f3 b6 12. Nf2 Rb8 13. Kf1 Nf6 14. a3 Bd7 15. b4 Kf8 16. Kg2 Ne8 17. Be3 Bf6 18. Qd2 Kg7 19. Rab1 Qc7 20. Rb3 Qa7 21. Rhb1 Nc7 22. Qb2 cxb4 23. Rxb4 Nc8 24. Bxb6 Nxb6 25. Rxb6 Rxb6 26. Qxb6 Qxb6 27. Rxb6 Be7 28. c5 Na8 29. Rb7 Rd8 30. c6 1-0

[Event "Memorial Day Classic"]
[Site "Burbank"]
[Date "2006.05.19"]
[Round "1"]
[White "Hanken, Jerome B"]
[Black "Sevillano, Enrico"]
[Result "0-1"]
[WhiteElo "2020"]
[BlackElo "2465"]
[PlyCount "88"]
[EventDate "2006.05.19"]
[EventType "swiss"]
[EventRounds "5"]
[EventCountry "USA"]
[SourceTitle "EXT 2014"]
[Source "ChessBase"]
[SourceDate "2013.11.20"]
[SourceVersion "1"]
[SourceVersionDate "2013.11.20"]
[SourceQuality "1"]

1. c4 e6 2. Nf3 Nf6 3. g3 b6 4. Bg2 Bb7 5. b3 Be7 6. Bb2 0-0 7. 0-0 d5 8. Ne5 Qc8 9. f3 dxc4 10. bxc4 Rd8 11. Qc2 c5 12. Nc3 Nfd7 13. Nxd7 Qxd7 14. Rad1 Nc6 15. Kh1 Nb4 16. Qb1 Bf6 17. Ba3 Rac8 18. Ne4 Be7 19. Bb2 f5 20. Nf2 Qa4 21. a3 Nc2 22. Nd3 Nd4 23. e3 Nxf3 24. Bc3 Be4 25. Qa1 Bxd3 26. Rxf3 Be2 27. Re1 Bxf3 28. Bxf3 Bf8 29. e4 Qxc4 30. exf5 exf5 31. Re5 Qf7 32. g4 fxg4 33. Bxg4 Rc6 34. Qe1 Rf6 35. Be6 Rxe6 36. Rxe6 Qf3+ 37. Kg1 c4 38. Bb4 Rd4 39. Re8 Rg4+ 40. Qg3 Rxg3+ 41. hxg3 Qxg3+ 42. Kf1 Qf4+ 43. Ke1 Qh4+ 44. Kd1 Qh5+ 0-1

[Event "Foxwoods op 08th"]
[Site "Ledyard"]
[Date "2006.04.15"]
[Round "7"]
[White "Hanken, Jerome B"]
[Black "Farahat, Ali"]
[Result "0-1"]
[WhiteElo "2027"]
[BlackElo "2337"]
[PlyCount "122"]
[EventDate "2006.04.12"]
[EventType "swiss"]
[EventRounds "9"]
[EventCountry "USA"]
[SourceTitle "CBM 111 Extra"]
[Source "ChessBase"]
[SourceDate "2006.05.09"]
[SourceVersion "1"]
[SourceVersionDate "2006.05.09"]
[SourceQuality "1"]

1. c4 c6 2. g3 d5 3. Nf3 Nf6 4. Bg2 Bg4 5. Qb3 Qb6 6. Qxb6 axb6 7. Ne5 Bh5 8. cxd5 Nxd5 9. Nc3 e6 10. d4 Nb4 11. Be4 f6 12. Nc4 b5 13. Ne3 Nd7 14. Bd2 Nb6 15. g4 Bg6 16. 0-0 0-0-0 17. Bxg6 hxg6 18. Ng2 Nc4 19. Bf4 Nc2 20. Rac1 Nxd4 21. b3 Bb4 22. Rfe1 Na3 23. Ne3 Nac2 24. Nxc2 Bxc3 25. Nxd4 Rxd4 26. Rxc3 Rxf4 27. f3 Rd4 28. Rc2 f5 29. e3 Rd3 30. Kg2 Kc7 31. Kg3 e5 32. h3 Kd6 33. Ree2 Ke6 34. Rcd2 Rhd8 35. Rxd3 Rxd3 36. Kf2 Rd1 37. Kg2 c5 38. Rc2 Kd5 39. Kg3 b4 40. e4+ fxe4 41. fxe4+ Kd6 42. Kh4 Rh1 43. Kg5 Rxh3 44. Rd2+ Kc6 45. Kxg6 Rg3 46. g5 b5 47. Rc2 Kd6 48. Rd2+ Kc6 49. Rc2 Rc3 50. Rf2 c4 51. Kxg7 Rg3 52. g6 c3 53. Kf6 Kc5 54. Kxe5 Rxg6 55. Kf5 Rg8 56. Re2 Kd4 57. e5 Kd3 58. Rh2 c2 59. Rh3+ Kd2 60. Rh2+ Kc3 61. Rh3+ Kb2 0-1

[Event "Foxwoods op 08th"]
[Site "Ledyard"]
[Date "2006.04.14"]
[Round "4"]
[White "Yermolinsky, Alex"]
[Black "Hanken, Jerome B"]
[Result "1/2-1/2"]
[WhiteElo "2554"]
[BlackElo "2027"]
[PlyCount "36"]
[EventDate "2006.04.12"]
[EventType "swiss"]
[EventRounds "9"]
[EventCountry "USA"]
[SourceTitle "CBM 111 Extra"]
[Source "ChessBase"]
[SourceDate "2006.05.09"]
[SourceVersion "1"]
[SourceVersionDate "2006.05.09"]
[SourceQuality "1"]

1. d4 g6 2. e4 Bg7 3. c4 c5 4. d5 d6 5. Ne2 Nf6 6. Nec3 0-0 7. Be2 e6 8. 0-0 exd5 9. cxd5 Re8 10. Nd2 a6 11. a4 b6 12. f4 Ra7 13. Bf3 Rae7 14. h3 h5 15. Qc2 b5 16. axb5 axb5 17. Nxb5 Ba6 18. Nc3 Bxf1 1/2-1/2

[Event "Foxwoods op 08th"]
[Site "Ledyard"]
[Date "2006.04.13"]
[Round "3"]
[White "Hanken, Jerome B"]
[Black "Casella, Michael"]
[Result "1-0"]
[WhiteElo "2027"]
[BlackElo "2299"]
[PlyCount "115"]
[EventDate "2006.04.12"]
[EventType "swiss"]
[EventRounds "9"]
[EventCountry "USA"]
[SourceTitle "CBM 111 Extra"]
[Source "ChessBase"]
[SourceDate "2006.05.09"]
[SourceVersion "1"]
[SourceVersionDate "2006.05.09"]
[SourceQuality "1"]

1. c4 e5 2. g3 Nf6 3. Bg2 d5 4. cxd5 Nxd5 5. Nc3 Nb6 6. Nf3 Nc6 7. 0-0 Be7 8. d3 0-0 9. Be3 Be6 10. Na4 e4 11. Ne1 exd3 12. Nxd3 Bd5 13. Bxb6 axb6 14. Bxd5 Qxd5 15. Nc3 Qa5 16. e3 Rfd8 17. Qe2 b5 18. a3 b4 19. axb4 Qxa1 20. Rxa1 Rxa1+ 21. Kg2 Nxb4 22. Nxb4 Bxb4 23. Ne4 c6 24. Qc4 Be7 25. Qb3 Rd7 26. g4 h6 27. Ng3 Ra5 28. Qc4 Rb5 29. Nh5 Rb4 30. Qe2 g6 31. Nf4 Bf6 32. b3 Bg5 33. Nd3 Rb5 34. b4 Be7 35. e4 Bxb4 36. e5 Bf8 37. e6 Re7 38. exf7+ Kg7 39. Qc2 Rxf7 40. Qc3+ Kh7 41. Qc4 Rf6 42. h4 Bg7 43. Qe4 Bf8 44. h5 Bd6 45. hxg6+ Rxg6 46. f4 Rd5 47. f5 Rf6 48. Nf4 Re5 49. Qd3 Ra5 50. Nh5 Ra2+ 51. Kf1 Ra1+ 52. Ke2 Be7 53. Nxf6+ Bxf6 54. Qd7+ Kg8 55. Qxb7 Rc1 56. Qc8+ Kg7 57. Qd7+ Kg8 58. Qe8+ 1-0

[Event "Las Vegas National op"]
[Site "Las Vegas"]
[Date "2005.06.10"]
[Round "1"]
[White "Hanken, Jerome B"]
[Black "Akobian, Varuzhan"]
[Result "0-1"]
[WhiteElo "2050"]
[BlackElo "2556"]
[PlyCount "60"]
[EventDate "2005.06.10"]
[EventType "swiss"]
[EventRounds "7"]
[EventCountry "USA"]
[SourceTitle "CBM 106 Extra"]
[Source "ChessBase"]
[SourceDate "2005.07.01"]
[SourceVersion "1"]
[SourceVersionDate "2005.07.01"]
[SourceQuality "1"]

1. c4 Nf6 2. g3 e6 3. Nf3 d5 4. Bg2 c5 5. 0-0 Nc6 6. cxd5 exd5 7. d4 Be7 8. b3 Bg4 9. Bb2 0-0 10. Ne5 Bh5 11. Nxc6 bxc6 12. dxc5 Bxc5 13. Qe1 Qe7 14. Nc3 Bd6 15. Qd2 Rfe8 16. Rae1 Rad8 17. e3 Bb4 18. Qc1 c5 19. f3 Bg6 20. Kh1 h5 21. Qa1 Bd3 22. Rg1 Ba5 23. Rd1 Qxe3 24. Na4 Be2 25. Rc1 d4 26. Nxc5 Bxf3 27. a3 Ng4 28. h3 Nf2+ 29. Kh2 h4 30. b4 hxg3+ 0-1

[Event "Pasadena Foothills op 5th"]
[Site "Pasadena"]
[Date "2004.02.08"]
[Round "3"]
[White "Taylor, Timothy"]
[Black "Hanken, Jerome B"]
[Result "1-0"]
[WhiteElo "2322"]
[BlackElo "2078"]
[PlyCount "55"]
[EventDate "2004.02.08"]
[EventType "swiss (rapid)"]
[EventRounds "4"]
[EventCountry "USA"]
[SourceTitle "EXT 2014"]
[Source "ChessBase"]
[SourceDate "2013.11.20"]
[SourceVersion "1"]
[SourceVersionDate "2013.11.20"]
[SourceQuality "1"]

1. d4 c5 2. d5 e5 3. Nc3 d6 4. e4 a6 5. a4 Ne7 6. Nf3 Bg4 7. Be2 Bxf3 8. Bxf3 Ng6 9. g3 Be7 10. h4 h6 11. Be3 Nd7 12. Bg4 Nf6 13. Bf5 Nf8 14. a5 g6 15. Bh3 h5 16. f3 N6h7 17. Qd2 g5 18. hxg5 Bxg5 19. f4 exf4 20. gxf4 Bh4+ 21. Ke2 Ng6 22. Bf5 Bg3 23. Rxh5 b5 24. axb6 Nf6 25. Rxh8+ Nxh8 26. Rh1 Ke7 27. Kf3 Qg8 28. Qg2 1-0